00458nam a22001577a 4500008004500000020001800045082001800063100001600081245002700097250001200124260004200136300001000178650004600188650003700234650002900271221214b 2013 ||||| |||| 00| 0 eng d a9789350140215 a621.4021bKUM aKumar D. S. aApplied Thermodynamics a2nd ed. aNew DelhibS. K. Kataria & Sonsc2013 a502p. aBasic Concepts And Laws Of Thermodynamics aAvailability And Irreversibility aThermodynamics Relations